000 00865nam a22002897a 4500
001 BR8501598
003 BR-BrBNA
005 20230928092122.0
007 ta
008 230509b bl.||||| |||| 00| 0 por d
040 _aBR-BrBNA
_bpor
_cBiblioteca Nacional de Agricultura
041 _a(Por)
072 _aL01
_b5212
090 _ 5212 BR8501598
100 1 _aCachapuz, J.M.S.
110 1 _aAssociacao Riograndense de Empreendimentos de Assistencia Tecnica e Extensao Rural, Porto Alegre, RS (Brasil)
245 1 _aAlternativas para aumentar a producao de terneiros [abate, exigencia nutricional]
260 3 _aPorto Alegre, RS (Brasil):
_c1985.
300 _a16 p.
500 _a5 tables
650 _aBEZERRO
650 _aPRODUCAO
650 _aABATE
650 _aEXIGENCIA NUTRICIONAL
909 _a202309
_bLucia
_c55
_dLucia Elande
942 _cBK
999 _c37232
_d37232